[Event "Ch_SFO"]
[Site "?"]
[Date "2018.03.21"]
[Round "9.18"]
[White "Glushenkov, Konstantin"]
[Black "Kardashevskiy, Evgeny"]
[Result "0-1"]
[BlackElo "2411"]
[WhiteElo "1722"]
[LiveChessVersion "1.4.8"]

1. e4 {[%clk 1:30:57]} c5 {[%clk 1:30:49]} 2. Nf3 {[%clk 1:30:51]} d6
{[%clk 1:31:09]} 3. d4 {[%clk 1:31:13]} cxd4 {[%clk 1:31:31]} 4. Nxd4
{[%clk 1:31:36]} Nf6 {[%clk 1:31:52]} 5. Nc3 {[%clk 1:30:56]} a6 {[%clk 1:32:16]}
6. h3 {[%clk 1:29:07]} e5 {[%clk 1:32:33]} 7. Nde2 {[%clk 1:28:22]} h5
{[%clk 1:32:55]} 8. Bg5 {[%clk 1:26:40]} Be6 {[%clk 1:33:01]} 9. Bxf6
{[%clk 1:25:39]} Qxf6 {[%clk 1:33:24]} 10. Nd5 {[%clk 1:25:03]} Qd8
{[%clk 1:33:48]} 11. Qd3 {[%clk 1:20:58]} Nd7 {[%clk 1:34:04]} 12. Nec3
{[%clk 1:15:48]} Rc8 {[%clk 1:34:23]} 13. O-O-O {[%clk 1:14:01]} g6
{[%clk 1:34:32]} 14. Kb1 {[%clk 1:11:15]} Bh6 {[%clk 1:31:42]} 15. h4
{[%clk 1:00:38]} O-O {[%clk 1:25:14]} 16. g3 {[%clk 0:51:40]} Nc5
{[%clk 1:22:41]} 17. Qe2 {[%clk 0:47:12]} b5 {[%clk 1:22:00]} 18. Bh3
{[%clk 0:41:31]} Bxh3 {[%clk 1:19:50]} 19. Rxh3 {[%clk 0:41:54]} Ne6
{[%clk 1:20:15]} 20. Rf1 {[%clk 0:30:27]} Rc5 {[%clk 1:13:48]} 21. f4
{[%clk 0:22:07]} exf4 {[%clk 1:09:47]} 22. gxf4 {[%clk 0:17:54]} b4
{[%clk 1:09:41]} 23. f5 {[%clk 0:10:19]} bxc3 {[%clk 1:07:53]} 24. fxe6
{[%clk 0:10:40]} fxe6 {[%clk 1:07:09]} 25. Nxc3 {[%clk 0:10:39]} Rxf1+
{[%clk 0:46:37]} 26. Qxf1 {[%clk 0:10:56]} a5 {[%clk 0:44:17]} 27. Rg3
{[%clk 0:07:07]} Kg7 {[%clk 0:44:07]} 28. Qg1 {[%clk 0:05:27]} Qf6
{[%clk 0:43:44]} 29. a3 {[%clk 0:02:51]} Bf4 {[%clk 0:41:33]} 30. Rg2
{[%clk 0:02:32]} Be3 {[%clk 0:39:40]} 31. Qe1 {[%clk 0:01:38]} Bd4
{[%clk 0:39:36]} 32. Na4 {[%clk 0:01:05]} Re5 {[%clk 0:38:12]} 33. Nc3
{[%clk 0:00:33]} Qf3 {[%clk 0:37:34]} 34. Rg3 {[%clk 0:00:43]} Bf2
{[%clk 0:36:45]} 35. Rxf3 {[%clk 0:00:58]} Bxe1 {[%clk 0:37:09]} 36. Rf4
{[%clk 0:00:35]} Bg3 {[%clk 0:37:19]} 37. Rf3 {[%clk 0:00:59]} Bxh4
{[%clk 0:37:37]} 38. Rd3 {[%clk 0:00:46]} Be1 {[%clk 0:37:12]} 39. Rxd6
{[%clk 0:00:38]} Bxc3 {[%clk 0:37:36]} 40. bxc3 {[%clk 0:01:03]} Rxe4
{[%clk 0:37:33]} 41. Kb2 {[%clk 0:01:24]} h4 {[%clk 0:37:49]} 42. Rd3
{[%clk 0:01:30]} a4 {[%clk 0:37:42]} 43. Kc1 {[%clk 0:01:37]} g5 {[%clk 0:37:59]}
44. Kd2 {[%clk 0:01:55]} Kf6 {[%clk 0:37:03]} 45. Rf3+ {[%clk 0:01:57]} Rf4
{[%clk 0:37:22]} 46. Rh3 {[%clk 0:02:03]} Kf5 {[%clk 0:37:24]} 47. Ke3
{[%clk 0:02:17]} Kg4 {[%clk 0:37:26]} 48. Rh1 {[%clk 0:02:33]} h3
{[%clk 0:37:48]} 49. Kd3 {[%clk 0:02:34]} Rf2 {[%clk 0:37:13]} 50. c4
{[%clk 0:02:41]} h2 {[%clk 0:37:21]} 51. c5 {[%clk 0:03:05]} Kg3 {[%clk 0:37:39]}
52. c6 {[%clk 0:03:26]} Kg2 {[%clk 0:36:58]} 53. c7 {[%clk 0:03:47]} Rf8
{[%clk 0:37:23]} 0-1

[Event "Ch_SFO"]
[Site "?"]
[Date "2018.03.21"]
[Round "9.19"]
[White "Lavrov, Sergey V"]
[Black "Tokmashov, Maxim"]
[Result "1/2-1/2"]
[BlackElo "2072"]
[WhiteElo "2404"]
[LiveChessVersion "1.4.8"]

1. d4 {[%clk 1:30:30]} Nf6 {[%clk 1:21:26]} 2. c4 {[%clk 1:30:53]} e6
{[%clk 1:21:46]} 3. Nc3 {[%clk 1:31:19]} Bb4 {[%clk 1:22:11]} 4. Bd2
{[%clk 1:31:45]} O-O {[%clk 1:21:39]} 5. Nf3 {[%clk 1:32:10]} b6 {[%clk 1:21:02]}
6. e3 {[%clk 1:32:33]} Bb7 {[%clk 1:20:40]} 7. Be2 {[%clk 1:33:00]} d6
{[%clk 1:20:19]} 8. O-O {[%clk 1:33:24]} Nbd7 {[%clk 1:20:31]} 9. Rc1
{[%clk 1:32:50]} Bxc3 {[%clk 1:17:40]} 10. Bxc3 {[%clk 1:33:15]} a5
{[%clk 1:17:51]} 11. Nd2 {[%clk 1:33:01]} e5 {[%clk 1:09:28]} 12. d5
{[%clk 1:32:44]} Qe7 {[%clk 1:04:00]} 13. e4 {[%clk 1:32:58]} Nc5
{[%clk 1:02:13]} 14. Qc2 {[%clk 1:33:23]} Bc8 {[%clk 1:01:18]} 15. b3
{[%clk 1:32:33]} Bg4 {[%clk 1:00:37]} 16. f3 {[%clk 1:32:54]} Bd7
{[%clk 0:53:51]} 17. a3 {[%clk 1:33:11]} Nh5 {[%clk 0:53:54]} 18. g3
{[%clk 1:22:19]} Qg5 {[%clk 0:50:08]} 19. Rf2 {[%clk 1:20:38]} Bh3
{[%clk 0:45:18]} 20. Bf1 {[%clk 1:14:32]} Bxf1 {[%clk 0:40:05]} 21. Kxf1
{[%clk 1:14:55]} Qe3 {[%clk 0:34:25]} 22. Re2 {[%clk 1:14:57]} Qg5
{[%clk 0:32:54]} 23. Rce1 {[%clk 1:11:33]} f5 {[%clk 0:25:37]} 24. b4
{[%clk 1:10:21]} axb4 {[%clk 0:25:42]} 25. axb4 {[%clk 1:10:49]} Nd7
{[%clk 0:14:40]} 26. Kg1 {[%clk 1:05:40]} fxe4 {[%clk 0:14:46]} 27. Nxe4
{[%clk 1:03:52]} Qg6 {[%clk 0:15:02]} 28. Re3 {[%clk 1:03:07]} Ra7
{[%clk 0:13:26]} 29. Qg2 {[%clk 0:58:44]} Nhf6 {[%clk 0:11:47]} 30. Qh3
{[%clk 0:43:26]} Nxe4 {[%clk 0:11:50]} 31. Qxd7 {[%clk 0:43:41]} Nxg3
{[%clk 0:09:01]} 32. hxg3 {[%clk 0:27:11]} Qxg3+ {[%clk 0:09:25]} 33. Kh1
{[%clk 0:27:37]} Ra2 {[%clk 0:09:42]} 34. R1e2 {[%clk 0:27:22]} Rxe2
{[%clk 0:08:30]} 35. Rxe2 {[%clk 0:27:43]} Rxf3 {[%clk 0:05:26]} 36. Qe6+
{[%clk 0:27:22]} Kf8 {[%clk 0:02:35]} 37. Qc8+ {[%clk 0:26:39]} Kf7
{[%clk 0:02:56]} 38. Qe6+ {[%clk 0:20:33]} Kf8 {[%clk 0:03:14]} 39. Qc8+
{[%clk 0:21:01]} Kf7 {[%clk 0:03:38]} 40. Qe6+ {[%clk 0:21:26]} Kf8
{[%clk 0:04:06]} 1/2-1/2

[Event "Ch_SFO"]
[Site "?"]
[Date "2018.03.21"]
[Round "9.20"]
[White "Siuniakov, Igor"]
[Black "Kyshtymov, Daniil"]
[Result "1-0"]
[BlackElo "2217"]
[WhiteElo "2302"]
[LiveChessVersion "1.4.8"]

1. Nf3 {[%clk 1:30:30]} Nf6 {[%clk 1:18:48]} 2. g3 {[%clk 1:30:45]} g6
{[%clk 1:19:05]} 3. Bg2 {[%clk 1:31:07]} Bg7 {[%clk 1:19:29]} 4. O-O
{[%clk 1:31:29]} O-O {[%clk 1:19:50]} 5. Re1 {[%clk 1:31:50]} d5 {[%clk 1:18:07]}
6. d3 {[%clk 1:32:13]} c5 {[%clk 1:18:04]} 7. Nbd2 {[%clk 1:32:15]} Nc6
{[%clk 1:18:10]} 8. e4 {[%clk 1:32:37]} e6 {[%clk 1:16:44]} 9. c3
{[%clk 1:32:26]} a5 {[%clk 1:16:41]} 10. a4 {[%clk 1:31:59]} b6 {[%clk 1:15:42]}
11. Nf1 {[%clk 1:27:19]} Ba6 {[%clk 1:06:14]} 12. e5 {[%clk 1:27:25]} Nd7
{[%clk 1:05:11]} 13. Bf4 {[%clk 1:27:45]} Rb8 {[%clk 0:38:18]} 14. h4
{[%clk 1:27:32]} b5 {[%clk 0:36:13]} 15. axb5 {[%clk 1:22:34]} Rxb5
{[%clk 0:36:11]} 16. Qd2 {[%clk 1:20:33]} Qb8 {[%clk 0:29:36]} 17. Ra2
{[%clk 1:20:13]} Ndxe5 {[%clk 0:28:07]} 18. Nxe5 {[%clk 1:19:32]} Bxe5
{[%clk 0:28:00]} 19. Rxe5 {[%clk 1:17:40]} Nxe5 {[%clk 0:28:23]} 20. Qe2
{[%clk 1:06:44]} f6 {[%clk 0:27:23]} 21. d4 {[%clk 1:03:19]} Rb6 {[%clk 0:22:30]}
22. Qd1 {[%clk 1:02:41]} cxd4 {[%clk 0:20:10]} 23. cxd4 {[%clk 1:02:17]} Bc4
{[%clk 0:19:08]} 24. Ra1 {[%clk 1:01:04]} Rxb2 {[%clk 0:18:22]} 25. dxe5
{[%clk 0:58:32]} fxe5 {[%clk 0:18:38]} 26. Be3 {[%clk 0:56:14]} d4
{[%clk 0:14:38]} 27. Bd2 {[%clk 0:55:44]} a4 {[%clk 0:14:17]} 28. h5
{[%clk 0:54:35]} Qb3 {[%clk 0:08:26]} 29. Qe1 {[%clk 0:48:32]} Bd5
{[%clk 0:06:34]} 30. Bxd5 {[%clk 0:33:30]} Qxd5 {[%clk 0:06:59]} 31. hxg6
{[%clk 0:32:46]} hxg6 {[%clk 0:07:24]} 32. Rxa4 {[%clk 0:33:01]} e4
{[%clk 0:07:12]} 33. Ra5 {[%clk 0:32:47]} Qc6 {[%clk 0:06:10]} 34. Rg5
{[%clk 0:28:58]} e3 {[%clk 0:04:50]} 35. fxe3 {[%clk 0:27:57]} Qc2
{[%clk 0:02:47]} 36. exd4 {[%clk 0:26:41]} Rxf1+ {[%clk 0:02:59]} 37. Qxf1
{[%clk 0:26:29]} Rb1 {[%clk 0:03:19]} 38. Be1 {[%clk 0:26:53]} Qe4
{[%clk 0:03:40]} 39. Kh2 {[%clk 0:24:42]} Rxe1 {[%clk 0:03:51]} 40. Rxg6+
{[%clk 0:25:03]} Qxg6 {[%clk 0:04:11]} 41. Qxe1 {[%clk 0:25:24]} Qh5+
{[%clk 0:04:10]} 42. Kg1 {[%clk 0:25:43]} Qg4 {[%clk 0:04:14]} 43. Qe3
{[%clk 0:25:40]} Qd1+ {[%clk 0:01:53]} 44. Kf2 {[%clk 0:25:46]} Qc2+
{[%clk 0:01:54]} 45. Kf3 {[%clk 0:25:11]} Kf7 {[%clk 0:00:58]} 46. g4
{[%clk 0:24:38]} Qd1+ {[%clk 0:00:46]} 47. Kf4 {[%clk 0:24:02]} Qh1
{[%clk 0:00:35]} 48. Qf3 {[%clk 0:23:49]} Qe1 {[%clk 0:00:33]} 49. Kg5+
{[%clk 0:23:52]} Ke7 {[%clk 0:00:43]} 50. Qb7+ {[%clk 0:20:59]} Kd6
{[%clk 0:00:41]} 51. Qb6+ {[%clk 0:21:14]} Kd7 {[%clk 0:00:56]} 52. Qb5+
{[%clk 0:21:13]} Ke7 {[%clk 0:00:36]} 53. Qe5 {[%clk 0:20:19]} Qd1
{[%clk 0:00:34]} 54. Qc7+ {[%clk 0:20:16]} Ke8 {[%clk 0:00:54]} 55. Qd6
{[%clk 0:19:36]} Qe2 {[%clk 0:00:35]} 56. Qe5 {[%clk 0:19:36]} Qd2+
{[%clk 0:00:51]} 57. Kg6 {[%clk 0:18:30]} Kd7 {[%clk 0:00:34]} 58. g5
{[%clk 0:18:33]} Qd3+ 59. Kg7 {[%clk 0:18:39]} Qf3 {[%clk 0:00:33]} 60. g6
{[%clk 0:18:33]} Qb7 {[%clk 0:00:32]} 61. Qf4 {[%clk 0:17:39]} Qg2
{[%clk 0:00:32]} 62. Kf7 {[%clk 0:17:40]} Qh3 {[%clk 0:00:32]} 63. Qf6
{[%clk 0:16:46]} Qh5 {[%clk 0:00:32]} 64. Qxe6+ {[%clk 0:16:59]} Kd8
{[%clk 0:00:56]} 65. Qe8+ {[%clk 0:17:19]} Kc7 {[%clk 0:01:22]} 66. Qe5+
{[%clk 0:17:34]} 1-0